Music Quiz

Random Music or Kpop Quiz

K-Pop Blast 1 Quiz Stats

 Plays Quiz not verified by Sporcle

Score 0/24 Timer 03:00
13 Plays Today
% Correct
???
76%
???
64.7%
???
57.2%
???
56%
???
49.7%
???
47.8%
???
47.2%
???
46.2%
???
46.1%
???
45.4%
???
45.1%
???
44.5%
% Correct
???
42.6%
???
42.5%
???
40.6%
???
39.4%
???
36%
???
33.3%
???
30.8%
???
20.2%
???
19.1%
???
18.3%
???
16.9%
???
13.1%

You're not logged in!

Compare scores with friends on all Sporcle quizzes.
OR
Log In

Show Comments

Extras

Top Quizzes Today


Score Distribution

Your Account Isn't Verified!

In order to create a playlist on Sporcle, you need to verify the email address you used during registration. Go to your Sporcle Settings to finish the process.

Report this User

Report this user for behavior that violates our Community Guidelines.

Details: